000 00433nam a2200145Ia 4500
008 240729s9999 xx 000 0 und d
022 _a2330-2917
245 0 _aSLIS Connecting
260 _aUnited States
260 _bThe University of Southern Mississippi
650 _aBibliography. Library science. Information resources
856 _uhttps://doaj.org/toc/64571089172342848bb0472fb004f43c
942 _2ddc
942 _cDOAJEJ
999 _c69773
_d69773
945 _a1
_bMadushi Gamage
_c1
_dMadushi Gamage